| 000 | 02045nam a2200253 a 4500 | ||
|---|---|---|---|
| 008 | 150504s1982 ||||||||||||||||| || u | ||
| 050 | _aGOV.ZAM(05)DPD/1982/60A | ||
| 110 | _aGovernment of the Republic of Zambia. National Assembly | ||
| 245 | 1 | 0 |
_aRepublic of Zambia. Daily parliamentary debates, official verbatim report of the debates of the fourth session (resumed)... (1982) _cBy the National Assembly |
| 260 |
_aLusaka: _bGovernment Printer _c1982 |
||
| 300 | _avarious pagings | ||
| 350 | _a0.00 | ||
| 500 | _aLIBRARY HOLDINGS:1982, August-November. | ||
| 650 | _aDAILY PARLIAMENTARY DEBATES | ||
| 995 |
_aSPECIAL COLLECTIONS _e03005195 _FCBU-MAIN LIBRARY (Kitwe) _I0.00 _jGOV.ZAM(05)DPD/1982/60B _M2 _UAVAILABLE _WMay 4, 2015 _y03005195 _ZZambiana Collection |
||
| 995 |
_aSPECIAL COLLECTIONS _e03005193 _FCBU-MAIN LIBRARY (Kitwe) _I0.00 _jGOV.ZAM(05)DPD/1982/60C _M3 _UAVAILABLE _WMay 4, 2015 _y03005193 _ZZambiana Collection |
||
| 995 |
_aSPECIAL COLLECTIONS _e03005201 _FCBU-MAIN LIBRARY (Kitwe) _I0.00 _jGOV.ZAM(05)DPD/1982/60A _M1 _UAVAILABLE _WMay 4, 2015 _y03005201 _ZZambiana Collection |
||
| 995 |
_aSPECIAL COLLECTIONS _e03005204 _FCBU-MAIN LIBRARY (Kitwe) _I0.00 _jGOV.ZAM(05)DPD/1982/60E _M5 _UAVAILABLE _WMay 4, 2015 _y03005204 _ZZambiana Collection |
||
| 995 |
_aSPECIAL COLLECTIONS _e03005210 _FCBU-MAIN LIBRARY (Kitwe) _I0.00 _jGOV.ZAM(05)DPD/1982/61A _M9 _UAVAILABLE _WMay 4, 2015 _y03005210 _ZZambiana Collection |
||
| 995 |
_aSPECIAL COLLECTIONS _e03005207 _FCBU-MAIN LIBRARY (Kitwe) _I0.00 _jGOV.ZAM(05)DPD/1982/60G _M7 _UAVAILABLE _WMay 4, 2015 _y03005207 _ZZambiana Collection |
||
| 995 |
_aSPECIAL COLLECTIONS _e03005205 _FCBU-MAIN LIBRARY (Kitwe) _I0.00 _jGOV.ZAM(05)DPD/1982/60F _M6 _UAVAILABLE _WMay 4, 2015 _y03005205 _ZZambiana Collection |
||
| 995 |
_aSPECIAL COLLECTIONS _e03005208 _FCBU-MAIN LIBRARY (Kitwe) _I0.00 _jGOV.ZAM(05)DPD/1982/60H _M8 _UAVAILABLE _WMay 4, 2015 _y03005208 _ZZambiana Collection |
||
| 995 |
_aSPECIAL COLLECTIONS _e03005151 _FCBU-MAIN LIBRARY (Kitwe) _I0.00 _jGOV.ZAM(05)DPD/1982/60D _M4 _UAVAILABLE _WMay 4, 2015 _y03005151 _ZZambiana Collection |
||
| 999 |
_c80109 _d80109 |
||